| 000 | 01007cam a22003133a 4500 | ||
|---|---|---|---|
| 001 | 33240 | ||
| 003 | PGUSA | ||
| 005 | 20140828083723.0 | ||
| 008 | 100724s2010||||xxu|||||s|||||000 1 eng d | ||
| 040 |
_aPGUSA _beng |
||
| 042 | _adc | ||
| 050 | 4 | _aPZ | |
| 100 | 1 |
_aJackson, Helen Hunt, _d1830-1885 |
|
| 245 | 1 | 0 |
_aMammy Tittleback and Her Family : _bA True Story of Seventeen Cats _h[electronic resource] / _cHelen Hunt Jackson |
| 260 |
_bProject Gutenberg, _c2010 |
||
| 506 | _aPublic domain in the USA. | ||
| 516 | _aElectronic text | ||
| 653 | _aFriendship -- Juvenile fiction | ||
| 653 | _aCats -- Juvenile fiction | ||
| 653 | _aCousins -- Juvenile fiction | ||
| 653 | _aPets -- Juvenile fiction | ||
| 653 | _aFamily -- Juvenile fiction | ||
| 653 | _aConduct of life -- Juvenile fiction | ||
| 653 | _aChildren -- Conduct of life -- Juvenile fiction | ||
| 700 | 1 | _aLedyard, Addie | |
| 830 | 0 |
_aProject Gutenberg _v33240 |
|
| 856 | 4 | 0 | _uhttp://www.gutenberg.org/ebooks/33240 |
| 942 | _cEB | ||
| 999 |
_c262495 _d262495 |
||